000
00300nam a22001337a 4500
008
181217b xxu||||| |||| 00| 0 eng d
020
_a
0231056788
041
_a
eng
080
_a
030
100
_a
23
101
_a
ENC
245
_a
The Concise Columbia Encyclopedia
_c
Levey, J.S
942
_2
udc
_c
BK
999
_c
53262
_d
53262